000 00369nam a2200145Ia 4500
008 150201s2006 xx 000 0 und d
082 _a615.321
_bM2006U
100 _aUDAYKUMAR
245 _aTEXTBOOK OF MEDICAL PHARMACOLOGY
250 _a2ND
260 _bC.B.S PUBLISHERS & DISTRIBUTERS
_aDELHI
_c2006
300 _a1-581
650 _aPHARMACOLOGY
942 _2ddc
_cBK
999 _c3969
_d3969